[Event "France - Open A"]
[Site "Chartres"]
[Date "2019.08.17"]
[Round "1.21"]
[White "Humeau, Mickael"]
[Black "Nguyen-Cadoret, Nathan"]
[Result "1/2-1/2"]
[WhiteElo "1993"]
[BlackElo "2122"]
[PlyCount "82"]
[EventDate "2019.08.??"]
[EventType "swiss"]
[EventRounds "9"]
[EventCountry "FRA"]
[WhiteTeam "L'Echiquier Angevin"]
[BlackTeam "Cercle d'Echecs de Villepinte"]

1. g4 d5 2. h3 c5 3. d3 Nc6 4. Nf3 e5 5. Nc3 Nge7 6. Bd2 Rb8 7. a3 Ng6 8. e4 d4
9. Ne2 Qc7 10. Bg2 b5 11. O-O Be7 12. Qc1 h5 13. g5 Be6 14. Kh2 h4 15. Kh1 Bd6
16. Nfg1 Nf4 17. Nxf4 exf4 18. Nf3 Ne5 19. Bxf4 Nxf3 20. Bxd6 Qxd6 21. Bxf3
Bxh3 22. Rg1 Be6 23. Bg4 h3 24. Bxe6 fxe6 25. Rg4 Ke7 26. f4 g6 27. Qd2 Rbf8
28. Rf1 Rh7 29. Rf3 Qd7 30. e5 Rfh8 31. Qe1 Kf7 32. Qe4 a5 33. Kh2 b4 34. axb4
cxb4 35. b3 Qc7 36. Rf2 Qb6 37. Rg3 Rh4 38. Qf3 Kg7 39. Qe4 Kf7 40. Qf3 Kg7 41.
Qe4 Kf7 1/2-1/2

[Event "France - Open A"]
[Site "Chartres"]
[Date "2019.08.17"]
[Round "1.22"]
[White "Maleki, Nicolas"]
[Black "Steibel, Julien"]
[Result "1/2-1/2"]
[WhiteElo "2118"]
[BlackElo "1993"]
[PlyCount "115"]
[EventDate "2019.08.??"]
[EventType "swiss"]
[EventRounds "9"]
[EventCountry "FRA"]
[WhiteTeam "Echiquier Tourangeau"]
[BlackTeam "Bischwiller"]

1. Nf3 c5 2. c4 Nc6 3. Nc3 g6 4. g3 Bg7 5. Bg2 e5 6. O-O Nge7 7. d3 d6 8. a3 a5
9. Bd2 O-O 10. Rb1 Rb8 11. Ne1 Be6 12. Nc2 f5 13. b4 axb4 14. axb4 b6 15. b5
Nd4 16. Ne3 f4 17. Ned5 Nxd5 18. Bxd5 Bxd5 19. Nxd5 f3 20. exf3 Nxf3+ 21. Kg2
Qd7 22. h3 Rb7 23. Qe2 Qf5 24. Rbd1 Qh5 25. Qe4 Rbf7 26. Nxb6 Bh6 27. Bxh6 Qxh6
28. Qe3 Qh5 29. Ra1 Ng5 30. h4 Ne6 31. Ra8 Rxa8 32. Nxa8 Qg4 33. f3 Qh5 34. Nb6
g5 35. Nd5 gxh4 36. Rh1 Nd4 37. Rxh4 Qxf3+ 38. Qxf3 Nxf3 39. Rh6 Ne1+ 40. Kh3
Nxd3 41. Rxd6 Nf2+ 42. Kg2 Ne4 43. Rd8+ Kg7 44. b6 Rb7 45. Rc8 Kg6 46. Rc7 Rb8
47. Kh3 Kg5 48. Rg7+ Kh6 49. Re7 Nd2 50. Re6+ Kg7 51. Ne3 Kf7 52. Rxe5 Rxb6 53.
Rxc5 Rb3 54. Rc7+ Kg6 55. Nd5 Ne4 56. Nf4+ Kg5 57. Rg7+ Kh6 58. Rg8 1/2-1/2

[Event "France - Open A"]
[Site "Chartres"]
[Date "2019.08.17"]
[Round "1.23"]
[White "Adrian, Leopold"]
[Black "Gollain, Marc"]
[Result "1/2-1/2"]
[WhiteElo "1990"]
[BlackElo "2115"]
[PlyCount "172"]
[EventDate "2019.08.??"]
[EventType "swiss"]
[EventRounds "9"]
[EventCountry "FRA"]
[WhiteTeam "Vandoeuvre-Echecs"]
[BlackTeam "Malakoff et Mat"]

1. c4 e5 2. Nc3 Nf6 3. g3 Nc6 4. Bg2 Bc5 5. e3 d5 6. cxd5 Nb4 7. d3 Nbxd5 8.
Nf3 Nxc3 9. bxc3 e4 10. Ne5 exd3 11. Qa4+ Nd7 12. Nxd3 O-O 13. O-O Nb6 14. Qc2
Be7 15. c4 c6 16. e4 Qd4 17. Nb2 Bf6 18. Rd1 Qc3 19. Qb3 Be6 20. Rb1 Rad8 21.
Qxc3 Bxc3 22. Bf3 Bd4 23. Bf4 Rd7 24. Be2 Rfd8 25. Kg2 Bxb2 26. Rxd7 Rxd7 27.
Rxb2 Bxc4 28. Bg4 Be6 29. Bf3 Nc4 30. Rc2 Na3 31. Rb2 Nb5 32. Be3 a6 33. Be2 f6
34. f4 g6 35. g4 Nc3 36. f5 Bf7 37. Bf3 Nxa2 38. Bh6 Nc3 39. e5 fxe5 40. Bxc6
Bd5+ 41. Bxd5+ Nxd5 42. Rc2 gxf5 43. Rc8+ Kf7 44. gxf5 Rd6 45. Bg5 h6 46. Bc1
Rc6 47. Rxc6 bxc6 48. Kf3 Kf6 49. Ke4 Nc3+ 50. Kd3 Nb5 51. Bxh6 Kxf5 52. h4 Nd6
53. Bf8 e4+ 54. Kd4 Nb7 55. h5 Nd8 56. Be7 Ne6+ 57. Kc4 Nf4 58. h6 Kg6 59. Kc5
e3 60. Kxc6 e2 61. Bb4 Kxh6 62. Kb7 Kg6 63. Kxa6 Kf5 64. Kb5 Ke4 65. Kc4 Ke3
66. Bc5+ Kd2 67. Bb4+ Kd1 68. Ba5 Nh3 69. Kd3 Nf4+ 70. Ke4 Ng2 71. Kd3 Ne1+ 72.
Ke3 Nc2+ 73. Kd3 Na1 74. Bc3 Nb3 75. Bb4 Nc5+ 76. Ke3 Na4 77. Kd3 Nb2+ 78. Ke3
Nc4+ 79. Kd3 Na3 80. Ba5 Nc2 81. Ke4 Na1 82. Kd3 Nb3 83. Bb4 Nc1+ 84. Ke3 Kc2
85. Ba5 Kd1 86. Bb4 Nb3 1/2-1/2

[Event "France - Open A"]
[Site "Chartres"]
[Date "2019.08.17"]
[Round "1.24"]
[White "Trouve, Guillaume"]
[Black "Destic, Pablo"]
[Result "1-0"]
[WhiteElo "2114"]
[BlackElo "1989"]
[PlyCount "57"]
[EventDate "2019.08.??"]
[EventType "swiss"]
[EventRounds "9"]
[EventCountry "FRA"]
[WhiteTeam "Mulhouse Philidor"]
[BlackTeam "l'Echiquier Toulousain"]

1. e4 e5 2. Nf3 Nc6 3. Bb5 Bc5 4. c3 Nf6 5. O-O O-O 6. d4 Bb6 7. Bg5 d6 8. Bxc6
bxc6 9. dxe5 dxe5 10. Qa4 Qd6 11. Nbd2 Re8 12. Nc4 Qc5 13. Ncxe5 Rxe5 14. Nxe5
Qxe5 15. Bxf6 Qxf6 16. e5 Qg6 17. Qh4 h6 18. c4 Qg4 19. Qd8+ Kh7 20. c5 Bxc5
21. Qxc7 Bf5 22. Kh1 Rc8 23. Qxf7 Rf8 24. Qb3 Be6 25. Qc2+ Rf5 26. f3 Qh4 27.
Qxc5 Rh5 28. Qg1 Bd5 29. Rae1 1-0

[Event "France - Open A"]
[Site "Chartres"]
[Date "2019.08.17"]
[Round "1.25"]
[White "Trabet, Mathis"]
[Black "Caloone, Thomas"]
[Result "1-0"]
[WhiteElo "1989"]
[BlackElo "2111"]
[PlyCount "91"]
[EventDate "2019.08.??"]
[EventType "swiss"]
[EventRounds "9"]
[EventCountry "FRA"]
[WhiteTeam "Echecs Club de Corbas"]
[BlackTeam "Lille Université Club Echiquier du Nord"]

1. e4 e5 2. Nf3 Nc6 3. d4 exd4 4. Nxd4 Bb4+ 5. c3 Be7 6. Bd3 d6 7. O-O Nf6 8.
h3 O-O 9. Be3 Ne5 10. Bc2 d5 11. Nd2 Re8 12. f4 Nc4 13. Nxc4 dxc4 14. Qf3 c5
15. Ne2 Bd7 16. g4 Bc6 17. g5 Nxe4 18. Bxe4 Bxe4 19. Qxe4 Bf8 20. Qf3 Qd3 21.
Kf2 Rad8 22. Ng3 Rd6 23. Rfe1 f6 24. h4 fxg5 25. hxg5 h6 26. Rad1 Qc2+ 27. Qe2
Qa4 28. Rxd6 Bxd6 29. Qd2 Bc7 30. gxh6 gxh6 31. Qd5+ Kh8 32. Rh1 Qc2+ 33. Kf3
Qg6 34. Nf5 h5 35. Ng3 Rxe3+ 36. Kxe3 Qxg3+ 37. Qf3 Bxf4+ 38. Ke4 Qxf3+ 39.
Kxf3 Bd6 40. Rxh5+ Kg8 41. Rd5 Bf8 42. Rd7 b5 43. Rxa7 b4 44. Ke4 Bg7 45. Kd5
bxc3 46. Rxg7+ 1-0

[Event "France - Open A"]
[Site "Chartres"]
[Date "2019.08.17"]
[Round "1.26"]
[White "Serralta, Michel"]
[Black "Haberthur, Maxime"]
[Result "0-1"]
[WhiteElo "2103"]
[BlackElo "1985"]
[PlyCount "88"]
[EventDate "2019.08.??"]
[EventType "swiss"]
[EventRounds "9"]
[EventCountry "FRA"]
[WhiteTeam "USAM Echiquier Brestois"]
[BlackTeam "Echiquier Clermontois Arverne - ECA"]

1. d4 d5 2. c4 c6 3. Nf3 Nf6 4. Nc3 a6 5. a4 a5 6. Bg5 e6 7. e3 Be7 8. Be2 Na6
9. O-O O-O 10. Qb3 Nb4 11. Rfd1 h6 12. Bf4 b6 13. Nd2 Bb7 14. Rac1 c5 15. Nb5
Rc8 16. e4 cxd4 17. e5 Nd7 18. Qg3 Kh8 19. Nxd4 Nc5 20. Rc3 Nxa4 21. Ra3 Nxb2
22. Bxh6 gxh6 23. Nxe6 fxe6 24. Qg6 Bg5 25. Rh3 Qe8 26. Qxg5 Rc7 27. Rxh6+ Rh7
28. Bh5 Qe7 29. Bg6 Rxh6 30. Qxh6+ Kg8 31. Nf3 Qg7 32. Qh5 Rxf3 33. Rd4 Rc3 34.
h3 Rxc4 35. Bh7+ Kf8 36. Rd2 d4 37. g4 Rc1+ 38. Kh2 Rh1+ 39. Kg3 Rg1+ 40. Kh4
Qe7+ 41. g5 Qf7 42. Qxf7+ Kxf7 43. Rxb2 d3 44. Kh5 Kg7 0-1

[Event "France - Open A"]
[Site "Chartres"]
[Date "2019.08.17"]
[Round "1.27"]
[White "Perradin, Vincent"]
[Black "Peltrault, Frederic"]
[Result "1-0"]
[WhiteElo "1982"]
[BlackElo "2101"]
[PlyCount "169"]
[EventDate "2019.08.??"]
[EventType "swiss"]
[EventRounds "9"]
[EventCountry "FRA"]
[WhiteTeam "Echecs Club de Villeurbanne"]
[BlackTeam "La tour de Juvisy"]

1. e4 e6 2. d4 d5 3. Nd2 Be7 4. Ngf3 Nf6 5. Bd3 c5 6. exd5 exd5 7. dxc5 a5 8.
O-O O-O 9. Re1 Na6 10. a4 Nxc5 11. Bb5 Bg4 12. h3 Bh5 13. Nf1 Nce4 14. Be3 Qd6
15. N1h2 Bd8 16. Bd4 Rc8 17. c3 Bc7 18. Qd3 Bg6 19. Qe3 Rfd8 20. Be5 Qe7 21.
Bxc7 Qxc7 22. Nd4 Nd6 23. Nhf3 Nfe4 24. Rad1 Nc4 25. Qc1 Ned6 26. Re2 Be4 27.
Nd2 Bg6 28. Nxc4 dxc4 29. Rde1 Nxb5 30. Nxb5 Qc5 31. Qe3 Qxe3 32. Rxe3 f6 33.
Re7 Re8 34. Rxe8+ Rxe8 35. Rxe8+ Bxe8 36. Nd6 Bxa4 37. Nxb7 Bb5 38. Nxa5 Kf7
39. b4 cxb3 40. Nxb3 Bc4 41. Nd2 Bd5 42. g3 Ke6 43. Kf1 g5 44. Ke2 Bg2 45. h4
gxh4 46. gxh4 Bb7 47. Ke3 Kf5 48. f3 Ke5 49. Nf1 Kd5 50. Nd2 Ke5 51. c4 Bc8 52.
Ne4 f5 53. f4+ Ke6 54. Ng3 Kd6 55. Kd4 Bd7 56. c5+ Ke6 57. Nf1 Bc6 58. Ne3 Be4
59. Nc4 Kf6 60. Na5 Ke6 61. Kc4 Kd7 62. Kb5 Kc7 63. c6 Bd3+ 64. Kc5 Be4 65. Kd4
Kd6 66. c7 Kxc7 67. Nc4 Kd7 68. Ke5 Ke7 69. Nd6 Bc2 70. Nxf5+ Kf7 71. Ng3 Bb3
72. Kf5 h6 73. Ke5 Ba2 74. f5 Bb1 75. Ne4 Bc2 76. Nd6+ Kg7 77. Ne4 Kf7 78. Nf6
Kg7 79. Ng4 Bb3 80. Nf6 Kf7 81. Nd5 Bd1 82. Ne3 Be2 83. f6 Kg6 84. Ke6 Bh5 85.
Ke7 1-0

[Event "France - Open A"]
[Site "Chartres"]
[Date "2019.08.17"]
[Round "1.28"]
[White "Emmenecker, Philippe"]
[Black "Herault, Theotime"]
[Result "0-1"]
[WhiteElo "2098"]
[BlackElo "1980"]
[PlyCount "120"]
[EventDate "2019.08.??"]
[EventType "swiss"]
[EventRounds "9"]
[EventCountry "FRA"]
[WhiteTeam "Issy-Les-Moulineaux"]
[BlackTeam "Echecs Club de Corbas"]

1. d4 Nf6 2. c4 g6 3. Nc3 Bg7 4. e4 d6 5. f4 c5 6. d5 O-O 7. Nf3 e6 8. Be2 exd5
9. exd5 Re8 10. O-O a6 11. Bd3 b5 12. a4 bxc4 13. Bxc4 Nbd7 14. a5 Ne4 15. Nxe4
Rxe4 16. Bd3 Rb4 17. f5 Ne5 18. fxg6 hxg6 19. Nxe5 Bxe5 20. Qf3 Ra7 21. h3 Rb3
22. Ra3 Rxa3 23. bxa3 Qe7 24. Bd2 Kg7 25. Kh1 Qh4 26. Rc1 Bd4 27. Bf4 Qf6 28.
Qg3 Bf5 29. Bxf5 Qxf5 30. Bxd6 Qxd5 31. Bf4 Rb7 32. Rf1 Rb2 33. Bc1 Re2 34. Qg5
Qxg5 35. Bxg5 Ra2 36. Rc1 Rxa3 37. Bd2 Rd3 38. Bf4 Rc3 39. Rb1 Ra3 40. Bc7 Ra1
41. Rxa1 Bxa1 42. Kg1 Kf6 43. Kf1 Kf5 44. Ke2 Ke4 45. Kd2 Kd4 46. g4 Kc4 47.
Kc2 Bf6 48. Bb6 Bh4 49. Bc7 f5 50. gxf5 gxf5 51. Bf4 Bd8 52. Bd2 Bc7 53. h4 f4
54. h5 f3 55. Be3 Bxa5 56. h6 Bc3 57. Bxc5 Kxc5 58. Kxc3 f2 59. h7 f1=Q 60.
h8=Q Qa1+ 0-1

[Event "France - Open A"]
[Site "Chartres"]
[Date "2019.08.17"]
[Round "1.29"]
[White "Logie, Marc"]
[Black "Baroyan, Davit"]
[Result "0-1"]
[WhiteElo "1980"]
[BlackElo "2094"]
[PlyCount "132"]
[EventDate "2019.08.??"]
[EventType "swiss"]
[EventRounds "9"]
[EventCountry "FRA"]
[WhiteTeam "Club d'Echecs du Vesinet"]
[BlackTeam "Marseille-Echecs"]

1. d4 d5 2. Nf3 e6 3. Bf4 Bd6 4. Bxd6 cxd6 5. e3 f5 6. c4 dxc4 7. Bxc4 d5 8.
Be2 Nf6 9. Nc3 O-O 10. O-O Bd7 11. Ne5 Nc6 12. Nxc6 Bxc6 13. Rc1 Qb6 14. Qb3
Qxb3 15. axb3 Rac8 16. b4 Rf7 17. b5 Be8 18. f3 Rfc7 19. Ra1 b6 20. Ra3 Bd7 21.
Rfa1 Ra8 22. Bd3 Ne8 23. Na4 Rac8 24. Nc3 Ra8 25. e4 dxe4 26. fxe4 Nd6 27. e5
Nc4 28. Bxc4 Rxc4 29. Rxa7 Rxa7 30. Rxa7 Rxd4 31. Rb7 Rd2 32. Kf1 Kf8 33. Ke1
Rd4 34. Rxb6 Rb4 35. Rb7 Ke8 36. Nd1 Kd8 37. b6 Re4+ 38. Kd2 Rxe5 39. Rb8+ Ke7
40. b7 Rb5 41. Rg8 Rxb7 42. Rxg7+ Kf6 43. Rxh7 Kg6 44. Rh4 Bc6 45. Rh3 Ba4 46.
Rg3+ Kf6 47. Nc3 Rxb2+ 48. Kc1 Rb4 49. Nxa4 Rxa4 50. Kc2 Ra2+ 51. Kb3 Rf2 52.
Kc4 e5 53. Rg8 e4 54. Kd4 Ra2 55. h4 Ra3 56. g4 Rd3+ 57. Kc4 fxg4 58. Rxg4 Kf5
59. Rg8 Rd7 60. Rf8+ Kg4 61. Rg8+ Kf3 62. Rf8+ Ke2 63. h5 e3 64. h6 Kd2 65. Ra8
e2 66. Ra2+ Ke3 0-1

[Event "France - Open A"]
[Site "Chartres"]
[Date "2019.08.17"]
[Round "1.30"]
[White "Amoyal, Pierre"]
[Black "Brouard, Gregoire"]
[Result "1-0"]
[WhiteElo "2093"]
[BlackElo "1979"]
[PlyCount "79"]
[EventDate "2019.08.??"]
[EventType "swiss"]
[EventRounds "9"]
[EventCountry "FRA"]
[WhiteTeam "Agneaux Saint-Lô"]
[BlackTeam "J.E.E.N."]

1. d4 Nf6 2. Nf3 g6 3. c4 Bg7 4. Nc3 O-O 5. e4 d6 6. h3 e5 7. d5 a5 8. Be3 Na6
9. g4 b6 10. Nd2 Nd7 11. Rg1 Ndc5 12. a3 Bd7 13. Qc2 Nb7 14. O-O-O Nac5 15. Kb1
a4 16. Be2 Na5 17. Bxc5 bxc5 18. Nb5 Qe7 19. Nxc7 Rab8 20. Nb5 Nxc4 21. Bxc4
Bxb5 22. Bxb5 Rxb5 23. Qxa4 Rfb8 24. Nc4 Qf6 25. Qc2 Kf8 26. Rg3 Ke7 27. Rdd3
Bh6 28. Rgf3 Qh4 29. Qa4 Bf4 30. Qa6 Qf6 31. Ka2 g5 32. Rb3 Rxb3 33. Rxb3 Rxb3
34. Kxb3 Bh2 35. Qb7+ Kf8 36. Qb8+ Kg7 37. Nxd6 Qf3+ 38. Ka2 Qd3 39. Nf5+ Kg6
40. Qg8+ 1-0

[Event "France - Open A"]
[Site "Chartres"]
[Date "2019.08.17"]
[Round "1.31"]
[White "Fischer, Thorange"]
[Black "L'Huillier, Thibaud"]
[Result "0-1"]
[WhiteElo "1979"]
[BlackElo "2093"]
[PlyCount "68"]
[EventDate "2019.08.??"]
[EventType "swiss"]
[EventRounds "9"]
[EventCountry "FRA"]
[WhiteTeam "Clichy-Echecs-92"]
[BlackTeam "Club d'Echecs de Saint-Maur"]

1. Nf3 d5 2. g3 Nf6 3. Bg2 c5 4. O-O Nc6 5. d3 Bg4 6. Bg5 e6 7. Nc3 h6 8. Bd2
d4 9. Ne4 Nxe4 10. dxe4 Be7 11. Qe1 O-O 12. e3 Bxf3 13. Bxf3 Ne5 14. Bg2 Nc4
15. exd4 cxd4 16. Rb1 Qc7 17. Bb4 Bxb4 18. Qxb4 a5 19. Qe1 e5 20. Qe2 Ra6 21.
c3 d3 22. Qxd3 Rd8 23. Qc2 Nd2 24. Rbd1 Nxf1 25. Rxd8+ Qxd8 26. Bxf1 Rd6 27.
Bc4 Rd2 28. Qb3 Qf6 29. f4 exf4 30. Qxb7 fxg3 31. Qb8+ Kh7 32. Qxg3 Qb6+ 33.
Kf1 Qxb2 34. Qe1 Rxh2 0-1

[Event "France - Open A"]
[Site "Chartres"]
[Date "2019.08.17"]
[Round "1.32"]
[White "Mahieu, Luc"]
[Black "Calvo, Dylan"]
[Result "1-0"]
[WhiteElo "2084"]
[BlackElo "1975"]
[PlyCount "109"]
[EventDate "2019.08.??"]
[EventType "swiss"]
[EventRounds "9"]
[EventCountry "FRA"]
[WhiteTeam "Nomad' Echecs"]
[BlackTeam "Echiquier Tressois"]

1. e4 c5 2. Nf3 Nc6 3. d4 cxd4 4. Nxd4 g6 5. c4 Bg7 6. Be3 Nf6 7. Nc3 O-O 8.
Be2 d6 9. O-O Bd7 10. h3 Nxd4 11. Bxd4 Bc6 12. Qc2 a5 13. Rfd1 Nd7 14. Bxg7
Kxg7 15. Bg4 b6 16. Bxd7 Bxd7 17. Nd5 b5 18. Qc3+ Kg8 19. cxb5 Bxb5 20. Rac1
Ra7 21. Qe3 Qb8 22. Rc3 Re8 23. Rdc1 Bd7 24. Rc7 Rxc7 25. Rxc7 Qd8 26. Qa7 Be6
27. Qxa5 Bxd5 28. exd5 e6 29. Ra7 Qg5 30. Qc7 Qf4 31. g3 Qf5 32. g4 Qf6 33.
Qxd6 Rd8 34. Qe7 Qxe7 35. Rxe7 exd5 36. Re3 Rb8 37. b3 Kf8 38. Kf1 d4 39. Rd3
Rd8 40. a4 Ke7 41. Ke2 Ke6 42. Kd2 Kd5 43. Rf3 Rd7 44. Rg3 Rb7 45. Rd3 Ke4 46.
f3+ Kd5 47. Kc2 Re7 48. Rd2 Re3 49. Rf2 Rc3+ 50. Kb2 Kd6 51. a5 Rc5 52. b4 Rc3
53. Rc2 Rxf3 54. a6 d3 55. a7 1-0

[Event "France - Open A"]
[Site "Chartres"]
[Date "2019.08.17"]
[Round "1.33"]
[White "Gautier, Joel"]
[Black "Weibel, Theo"]
[Result "0-1"]
[WhiteElo "1975"]
[BlackElo "2081"]
[PlyCount "108"]
[EventDate "2019.08.??"]
[EventType "swiss"]
[EventRounds "9"]
[EventCountry "FRA"]
[WhiteTeam "Ass des joueurs d'Echecs du Barreau de Paris"]
[BlackTeam "Echiquier Club Le Mans"]

1. e4 c5 2. Nf3 Nc6 3. d3 g6 4. g3 Bg7 5. Bg2 d6 6. O-O Nf6 7. c3 O-O 8. Re1
Bg4 9. h3 Bxf3 10. Bxf3 Ne5 11. Bg2 c4 12. d4 Nd3 13. Re2 Rb8 14. a4 Qc7 15.
Na3 a6 16. a5 Qxa5 17. Be3 Qc7 18. b3 b5 19. Rd2 Rfc8 20. bxc4 bxc4 21. Nxc4
Nxf2 22. Rxf2 Qxc4 23. Ra3 a5 24. Rc2 a4 25. Qf1 Rb3 26. Qxc4 Rxc4 27. Bc1 Nd7
28. e5 Nb6 29. Bf1 Rc8 30. Rxb3 axb3 31. Rb2 Rxc3 32. Bd2 Rc6 33. Rxb3 dxe5 34.
d5 Rd6 35. Be3 Nd7 36. Bc4 Bf6 37. Bc1 Nb6 38. Bh6 e6 39. dxe6 Nxc4 40. Rb8+
Rd8 41. exf7+ Kxf7 42. Rb7+ Kg8 43. Kf2 g5 44. Kf3 Nd6 45. Rb6 Kf7 46. h4 Kg6
47. hxg5 Bxg5 48. Bxg5 Kxg5 49. Ra6 e4+ 50. Kg2 Nf5 51. Re6 Rd2+ 52. Kh3 e3 53.
g4 e2 54. Rxe2 Rxe2 0-1

[Event "France - Open A"]
[Site "Chartres"]
[Date "2019.08.17"]
[Round "1.34"]
[White "Boulos, Carlos"]
[Black "Marchais, Antoine"]
[Result "0-1"]
[WhiteElo "2078"]
[BlackElo "1975"]
[PlyCount "56"]
[EventDate "2019.08.??"]
[EventType "swiss"]
[EventRounds "9"]
[EventCountry "FRA"]
[WhiteTeam "J.E.E.N."]
[BlackTeam "Rennes Paul Bert"]

1. e4 e6 2. d4 d5 3. Nd2 Nf6 4. e5 Nfd7 5. Ngf3 c5 6. c3 Nc6 7. Bd3 f5 8. exf6
Qxf6 9. O-O Bd6 10. Re1 cxd4 11. cxd4 O-O 12. Nf1 e5 13. Ne3 Nxd4 14. Nxd4
Qxf2+ 15. Kh1 exd4 16. Ng4 Qh4 17. g3 Bxg3 18. Rg1 Ne5 19. Nh6+ gxh6 20. Rxg3+
Ng4 21. Qg1 Kh8 22. Qxd4+ Rf6 23. Rxg4 Bxg4 24. Be3 Bf3+ 25. Kg1 Rg8+ 26. Kf1
Bh5+ 27. Bf5 Qh3+ 28. Ke1 Qxf5 0-1

[Event "France - Open A"]
[Site "Chartres"]
[Date "2019.08.17"]
[Round "1.35"]
[White "Afraoui, Solenn"]
[Black "Henno, Francois"]
[Result "1/2-1/2"]
[WhiteElo "1974"]
[BlackElo "2077"]
[PlyCount "62"]
[EventDate "2019.08.??"]
[EventType "swiss"]
[EventRounds "9"]
[EventCountry "FRA"]
[WhiteTeam "U.S.Villejuif Echecs"]
[BlackTeam "Cercle d'Echecs de Nantes"]

1. e4 d6 2. d4 Nf6 3. Nc3 Nbd7 4. Bc4 e5 5. Nf3 Be7 6. O-O O-O 7. a4 c6 8. h3
h6 9. Bb3 Re8 10. Re1 a5 11. dxe5 dxe5 12. Be3 Bb4 13. Qd3 Qe7 14. Nd2 Nc5 15.
Bxc5 Bxc5 16. Nc4 Nh5 17. Ne2 Qg5 18. Qf3 Be6 19. Rad1 Nf6 20. Ng3 b6 21. Nd6
Rad8 22. Bxe6 Rxd6 23. Rxd6 Bxd6 24. Bc4 Bc5 25. Rd1 g6 26. b3 Rf8 27. Ne2 Kg7
28. g3 h5 29. Kg2 h4 30. g4 Rc8 31. Nc1 Rc7 1/2-1/2

[Event "France - Open A"]
[Site "Chartres"]
[Date "2019.08.17"]
[Round "1.36"]
[White "Rode, Antony"]
[Black "Kieffer, Anatole"]
[Result "0-1"]
[WhiteElo "2076"]
[BlackElo "1973"]
[PlyCount "78"]
[EventDate "2019.08.??"]
[EventType "swiss"]
[EventRounds "9"]
[EventCountry "FRA"]
[WhiteTeam "Club d'Echecs du Vesinet"]
[BlackTeam "Evry Grand Roque"]

1. e4 d5 2. exd5 Qxd5 3. Nc3 Qd6 4. d4 Nf6 5. Nf3 c6 6. Ne5 Nbd7 7. Nc4 Qc7 8.
Qf3 Nb6 9. Bf4 Qd7 10. h3 Nxc4 11. Bxc4 e6 12. O-O-O Be7 13. Be5 O-O 14. g4 b5
15. Bd3 Bb7 16. Ne4 Nxe4 17. Qxe4 g6 18. Qe2 Qd5 19. Kb1 Rac8 20. h4 c5 21.
dxc5 Qxc5 22. f3 Bxf3 23. Qxf3 Qxe5 24. Rde1 Qf6 25. Qe3 Bc5 26. Qe2 b4 27.
Ref1 Qg7 28. g5 a5 29. h5 a4 30. hxg6 hxg6 31. Rh6 Rce8 32. Rfh1 Bd4 33. Bxg6
fxg6 34. Qd3 Rf5 35. Rh7 Qxh7 36. Rxh7 Kxh7 37. Qh3+ Kg7 38. Qh6+ Kf7 39. c3
Rh8 0-1

[Event "France - Open A"]
[Site "Chartres"]
[Date "2019.08.17"]
[Round "1.37"]
[White "Gonzalez, Loic"]
[Black "Valentin, Rene"]
[Result "0-1"]
[WhiteElo "1971"]
[BlackElo "2076"]
[PlyCount "62"]
[EventDate "2019.08.??"]
[EventType "swiss"]
[EventRounds "9"]
[EventCountry "FRA"]
[WhiteTeam "AGJA-Echiquier Aquitaine"]
[BlackTeam "C'Chartres Echecs"]

1. f4 c5 2. Nf3 Nf6 3. g3 b6 4. Bg2 Bb7 5. d3 e6 6. e4 d6 7. Nc3 Be7 8. O-O O-O
9. Qe2 Nbd7 10. Bd2 Rb8 11. Rae1 Ne8 12. Kh1 a6 13. d4 cxd4 14. Nxd4 Bf6 15.
Nf3 Qc7 16. f5 exf5 17. exf5 Bxc3 18. Bxc3 Nef6 19. Nd4 Rfe8 20. Qd1 Bxg2+ 21.
Kxg2 Ne4 22. Ne2 Qc6 23. Kg1 Ng5 24. Nf4 Ne5 25. Bxe5 dxe5 26. Qd5 Qxc2 27.
Rxe5 Qxb2 28. Rxe8+ Rxe8 29. h4 Ne4 30. Nd3 Qe2 31. Re1 Qf3 0-1

[Event "France - Open A"]
[Site "Chartres"]
[Date "2019.08.17"]
[Round "1.38"]
[White "Wlodarczyk, Cyril"]
[Black "Leccia, Antoine"]
[Result "1/2-1/2"]
[WhiteElo "2074"]
[BlackElo "1969"]
[PlyCount "128"]
[EventDate "2019.08.??"]
[EventType "swiss"]
[EventRounds "9"]
[EventCountry "FRA"]
[WhiteTeam "Cergy Pontoise Echecs"]
[BlackTeam "Corsica Chess Club"]

1. e4 e6 2. d3 d5 3. Qe2 Ne7 4. Nf3 c5 5. g3 Nbc6 6. Bg2 g6 7. O-O Bg7 8. e5
O-O 9. Bf4 h6 10. h4 f6 11. exf6 Rxf6 12. c3 Rxf4 13. gxf4 Nf5 14. h5 gxh5 15.
Ne5 Nxe5 16. fxe5 Qg5 17. Nd2 Nh4 18. f4 Qg4 19. Qxg4 hxg4 20. c4 d4 21. Ne4
Bf8 22. Nf6+ Kf7 23. Nxg4 Bg7 24. Be4 Bd7 25. Rf2 Rg8 26. Kf1 Bc6 27. Bxc6 bxc6
28. Ke2 h5 29. Nh2 Bh6 30. Raf1 Nf5 31. Ke1 Ne3 32. Rh1 Ng2+ 33. Kd1 Ne3+ 34.
Kc1 Ke7 35. Kb1 Nf5 36. a3 Rg3 37. Nf3 Ng7 38. Rh4 a5 39. Ka2 Kd7 40. Kb3 Kc7
41. Ne1 Kb6 42. Nf3 Kc7 43. Kc2 Nf5 44. Rxh5 Bxf4 45. Kb3 Be3 46. Rf1 Rg2 47.
Rh7+ Kb6 48. Rf7 Ng3 49. Ne1 a4+ 50. Ka2 Re2 51. R1f3 Nf5 52. Rh3 Nh6 53. Rh7
Rxe1 54. Rg3 Nf5 55. Rg8 Bh6 56. Rb8+ Ka6 57. Rhb7 Rd1 58. Rb6+ Ka7 59. R6b7+
Ka6 60. Rd7 Rg1 61. Ra8+ Kb6 62. Rb8+ Ka6 63. Ra8+ Kb6 64. Rb8+ Ka6 1/2-1/2

[Event "France - Open A"]
[Site "Chartres"]
[Date "2019.08.17"]
[Round "1.39"]
[White "Fruteau, Sabine"]
[Black "Tarin, Nicolas"]
[Result "0-1"]
[WhiteElo "1968"]
[BlackElo "2073"]
[PlyCount "170"]
[EventDate "2019.08.??"]
[EventType "swiss"]
[EventRounds "9"]
[EventCountry "FRA"]
[WhiteTeam "Orcher la Tour"]
[BlackTeam "Le Cavalier Noir d'Arras"]

1. e4 c5 2. Nf3 e6 3. d4 cxd4 4. Nxd4 Nf6 5. Bd3 Nc6 6. Nb3 d5 7. exd5 Nxd5 8.
O-O Be7 9. Be4 Nf6 10. Bxc6+ bxc6 11. Qxd8+ Bxd8 12. Nc3 Bc7 13. h3 Nd5 14. Ne4
f5 15. Nec5 e5 16. Bd2 Kf7 17. Na5 Bd6 18. b4 Ne7 19. Rfe1 e4 20. Rab1 h6 21.
Bc3 Nd5 22. Bd4 Bxc5 23. Bxc5 Bd7 24. c4 Nf6 25. Rbd1 Rhc8 26. Bd4 Be8 27. Nb7
Rc7 28. Nd6+ Kg6 29. Re3 Nh5 30. g4 fxg4 31. Rxe4 Bd7 32. hxg4 Nf6 33. Bxf6
Kxf6 34. Red4 Be6 35. Ne4+ Kf7 36. Nc5 Re8 37. a4 Bc8 38. Ne4 Kg6 39. f3 Rf8
40. Nd6 Rxf3 41. Kg2 Rb3 42. c5 Be6 43. R1d2 Bd5+ 44. Kf2 Re7 45. Re2 Rxe2+ 46.
Kxe2 Kf6 47. b5 Ke5 48. Rd2 cxb5 49. axb5 Rc3 50. Nf5 Bf3+ 51. Kf2 Bxg4 52. Ne3
Be6 53. b6 axb6 54. cxb6 Rb3 55. Ra2 Rxb6 56. Ra5+ Kf6 57. Rc5 Rb2+ 58. Kf3 Rb3
59. Kf2 g5 60. Ra5 h5 61. Rc5 h4 62. Nd5+ Bxd5 63. Rxd5 Rg3 64. Ra5 Kg6 65.
Ra6+ Kh5 66. Ra4 Rg4 67. Ra8 Rf4+ 68. Kg2 Kg4 69. Ra2 h3+ 70. Kh2 Kh4 71. Ra8
Rf2+ 72. Kg1 Kg3 73. Ra3+ Rf3 74. Ra1 Rb3 75. Rc1 g4 76. Ra1 Kh4 77. Ra4 Re3
78. Rb4 Kg3 79. Rb1 Kf4 80. Rf1+ Rf3 81. Ra1 g3 82. Ra4+ Kg5 83. Ra5+ Kg4 84.
Ra4+ Rf4 85. Ra1 h2+ 0-1

[Event "France - Open A"]
[Site "Chartres"]
[Date "2019.08.17"]
[Round "1.40"]
[White "Denninger, Guilhem"]
[Black "Venard, Gautier"]
[Result "1-0"]
[WhiteElo "2072"]
[BlackElo "1968"]
[PlyCount "73"]
[EventDate "2019.08.??"]
[EventType "swiss"]
[EventRounds "9"]
[EventCountry "FRA"]
[WhiteTeam "Echecs Club Montpellier"]
[BlackTeam "Vandoeuvre-Echecs"]

1. c4 e6 2. Nf3 d5 3. d4 c5 4. Nc3 cxd4 5. Nxd4 e5 6. Nc2 d4 7. Nd5 Be6 8. e4
h6 9. Bd3 Nf6 10. O-O Bd6 11. f4 O-O 12. Qf3 Nc6 13. f5 Bxd5 14. cxd5 Nb4 15.
Nxb4 Bxb4 16. Qg3 Kh7 17. Qxe5 Rc8 18. Qf4 Re8 19. e5 Ng8 20. f6+ g6 21. Bxg6+
fxg6 22. f7 Rf8 23. fxg8=Q+ Kxg8 24. Qxh6 Rxf1+ 25. Kxf1 Qb6 26. d6 Rf8+ 27.
Kg1 d3+ 28. Be3 Bc5 29. Qxg6+ Kh8 30. Qh6+ Kg8 31. Qg5+ Kh8 32. Qh6+ Kg8 33.
Qg5+ Kh8 34. Bxc5 Qxc5+ 35. Kh1 Qf2 36. Qh6+ Kg8 37. Qg6+ 1-0